| 000 | 01130cam a22003497i 4500 | ||
|---|---|---|---|
| 008 | |||
| 020 | _a9780123850157 (hardback) | ||
| 040 |
_aNUST _cNUST |
||
| 049 | _aMAIN | ||
| 090 |
_aTP248.2 _bCLA |
||
| 100 | 1 |
_aClark, David P., _aauthor. |
|
| 245 | 1 | 0 |
_aBiotechnology / _cDavid P. Clark and Nanette J. Pazdernik. |
| 250 | _aSecond edition. | ||
| 260 |
_aAmsterdam : _bElsevier/Academic Cell, _c2016. |
||
| 300 |
_axv, 833 pages : _billustrations (chiefly colour) ; _c29 cm. |
||
| 336 |
_atext _btxt _2rdacontent |
||
| 337 |
_aunmediated _bn _2rdamedia |
||
| 338 |
_avolume _bnc _2rdacarrier |
||
| 500 | _aIncludes index. | ||
| 504 | _aIncludes bibliographical references. | ||
| 650 | 0 |
_aBiotechnology _vTextbooks. |
|
| 650 | 0 |
_aGenetic engineering _vTextbooks. |
|
| 650 | 0 |
_aMolecular biology _vTextbooks. |
|
| 650 | 7 | _aBiotechnology. | |
| 650 | 7 | _aGenetic engineering. | |
| 650 | 7 | _aMolecular biology. | |
| 700 | 1 |
_aPazdernik, Nanette Jean., _aauthor. |
|
| 907 |
_a.b10385964 _b10-01-23 _c17-10-17 |
||
| 003 | |||
| 005 | 20230123122314.0 | ||
| 942 |
_cBOOKS _kTP248.2 _mCLA |
||
| 999 |
_c131342 _d131342 |
||